000 00554nam a2200181Ia 4500
005 20250326125202.0
008 250326s9999 xx 000 0 und d
037 _aTextbook
040 _aFMSL
_beng
_cFMSL
041 _aeng
_2eng
084 _aX(Y:5):1X L2
_qFMSL
100 _aCoale A J
_9738613
245 0 _aPopulation growth and economic development in low-income countries
_cCoale A J; Hoover E M
260 _aNew Jersey
_bNew Jersey, Princeton
_c1972
300 _a389p
942 _cTB
_hX(Y:5):1X L2
999 _c1276913
_d1276913